[Event "XXII C.to Italiano seniores"]
[Site "Ponte Arche - Bleggio Inferiore ITA"]
[Date "2000.09.??"]
[Round "?"]
[White "Milanesi, Bruno"]
[Black "Zichichi, Alvise"]
[Result "0-1"]
[WhiteElo "1854"]
[BlackElo "2325"]
[PlyCount "68"]
[EventDate "2000.09.30"]

1. d4 d5 2. c4 c6 3. e3 Nf6 4. Nc3 g6 5. f4 Bg7 6. Nf3 O-O 7. Bd2 dxc4 8. Bxc4
Nbd7 9. O-O c5 10. Ne2 Ne4 11. Bc3 Nxc3 12. bxc3 Qc7 13. Rc1 a6 14. Ne5 Nf6 15.
a4 e6 16. Qb3 Ne4 17. Rfd1 Nd6 18. Bd3 b5 19. axb5 axb5 20. Bxb5 f6 21. Nc4
Nxb5 22. Qxb5 Ba6 23. Qb3 Rfb8 24. Qa2 Bb5 25. Na3 Bxe2 26. Qxe6+ Kh8 27. Rd2
Rxa3 28. Rxe2 cxd4 29. exd4 Rxc3 30. Rce1 f5 31. d5 Rd3 32. Qc6 Bd4+ 33. Kh1
Qxc6 34. dxc6 Rc3 0-1

[Event "XXII C.to Italiano seniores"]
[Site "Ponte Arche - Bleggio Inferiore ITA"]
[Date "2000.09.??"]
[Round "?"]
[White "Papa, Angelo"]
[Black "Zichichi, Alvise"]
[Result "0-1"]
[WhiteElo "1578"]
[BlackElo "2325"]
[PlyCount "56"]
[EventDate "2000.09.30"]

1. d4 d5 2. Nf3 c6 3. e3 e6 4. Bd3 f5 5. Nbd2 Bd6 6. O-O Nd7 7. c4 Ngf6 8. c5
Bc7 9. b4 Ne4 10. Bb2 Qf6 11. a4 O-O 12. Ra2 e5 13. dxe5 Nxe5 14. Nxe5 Bxe5 15.
Bxe5 Qxe5 16. Qb3 a5 17. Bxe4 fxe4 18. b5 Bg4 19. Rc1 Rf6 20. Nf1 h5 21. Qb2
Qg5 22. bxc6 bxc6 23. Qb7 Raf8 24. Qc7 h4 25. g3 Bh3 26. Rb1 Qg4 27. Rb7 R6f7
28. f3 Rxc7 0-1

[Event "XXII C.to Italiano seniores"]
[Site "Ponte Arche - Bleggio Inferiore ITA"]
[Date "2000.09.??"]
[Round "?"]
[White "Zichichi, Alvise"]
[Black "Lucin, Enzo"]
[Result "1-0"]
[WhiteElo "2325"]
[BlackElo "2120"]
[PlyCount "97"]
[EventDate "2000.09.30"]

1. d4 Nf6 2. Bg5 e6 3. e4 Be7 4. Bd3 d5 5. e5 Nfd7 6. Bxe7 Qxe7 7. c3 c5 8. Ne2
Nc6 9. O-O O-O 10. a3 c4 11. Bc2 f6 12. f4 f5 13. Nd2 b5 14. Kh1 Kh8 15. Rg1
Rg8 16. g4 g6 17. gxf5 gxf5 18. Rxg8+ Kxg8 19. Qg1+ Qg7 20. Qe3 Qh6 21. Rg1+
Kh8 22. Rg3 Bb7 23. Nf3 Rg8 24. Ng5 Rg7 25. Qg1 Ne7 26. Qg2 Nf8 27. Rh3 Qg6 28.
Ng3 Ng8 29. Nh5 Rc7 30. Bd1 Nh6 31. Nf6 Ng4 32. Nxg4 fxg4 33. Qxg4 Rg7 34. Rg3
Kg8 35. Nh3 Qe4+ 36. Qf3 Qe1+ 37. Rg1 Rxg1+ 38. Nxg1 Ng6 39. Bc2 Qd2 40. Bxg6
hxg6 41. Qg2 Qd3 42. h3 Kf7 43. Kh2 a5 44. Nf3 b4 45. axb4 axb4 46. cxb4 Ke7
47. Kg3 Kd7 48. Qd2 Qb1 49. b5 1-0